000 00422nam a22001577a 4500
005 20250901165805.0
008 041216s2004 ke 000 0 swa
010 _a 2004411360
020 _a9966962247
050 0 0 _aPL 8704 .M34 2001
100 0 _aKithaka wa Mberia.
245 1 0 _aBara jingine /
_cKithaka wa Mberia.
260 _aNairobi :
_bMarimba Publications,
_cc2004.
300 _ax, 81p. ;
_c18 cm.
942 _2lcc
999 _c9282
_d9282